町田市の町名 【漢字版】 - Statistics

General Stats
  • This quiz has been taken 39 times
  • The average score is 21 of 54
Answers on the Map
Answers color-coded by a green-red scale on the quiz's map according to % correct below.
 
Answer Stats
町名 % Correct
鶴川 (つるかわ)
83%
原町田 (はらまちだ)
79%
南町田 (みなみまちだ)
76%
本町田 (ほんまちだ)
76%
玉川学園 (たまがわがくえん)
76%
成瀬 (なるせ)
76%
鶴間 (つるま)
72%
つくし野 (つくしの)
59%
相原町 (あいはらまち)
55%
金森 (かなもり)
52%
中町 (なかまち)
48%
小野路町 (おのじまち)
48%
小山町 (おやままち)
48%
森野 (もりの)
45%
南成瀬 (みなみなるせ)
45%
野津田町 (のづたまち)
45%
金井 (かない)
45%
小山ヶ丘 (おやまがおか)
45%
小川 (おがわ)
41%
木曽町 (きそまち)
41%
山崎 (やまざき)
41%
高ヶ坂 (こがさか)
38%
忠生 (ただお)
38%
成瀬台 (なるせだい)
38%
三輪緑山 (みわみどりやま)
38%
真光寺 (しんこうじ)
38%
薬師台 (やくしだい)
38%
南大谷 (みなみおおや)
34%
三輪町 (みわまち)
34%
上小山田町 (かみおやまだまち)
34%
下小山田町 (しもおやまだまち)
34%
図師町 (ずしまち)
34%
南つくし野 (みなみつくしの)
31%
旭町 (あさひまち)
31%
根岸 (ねぎし)
31%
能ヶ谷 (のうがや)
31%
小山田桜台 (おやまださくらだい)
31%
木曽東 (きそひがし)
28%
木曽西 (きそにし)
28%
大蔵町 (おおくらまち)
28%
金井町 (かないまち)
28%
根岸町 (ねぎしまち)
24%
真光寺町 (しんこうじまち)
24%
成瀬が丘 (なるせがおか)
21%
金森東 (かなもりひがし)
21%
藤の台 (ふじのだい)
21%
東玉川学園 (ひがしたまがわがくえん)
21%
山崎町 (やまざきまち)
21%
金井ヶ丘 (かないがおか)
21%
常盤町 (ときわまち)
21%
矢部町 (やべまち)
21%
西成瀬 (にしなるせ)
17%
広袴町 (ひろはかままち)
17%
広袴 (ひろはかま)
17%
No matching quizzes found
Score Distribution
Percent of People with Each Score
Percentile by Number Answered
Your Score History
You have not taken this quiz